000 01733nam a22002177a 4500
005 20211030101801.0
008 211030b ||||| |||| 00| 0 eng d
020 _a9781398500440
040 _cAl
041 _aEng
082 _223
_a813.6
_bMILE
100 _aVince Flynn
_99370
245 _aEnemy at the gates
260 _aNew Delhi
_bSimon & Schuster
_c2021
300 _a340p.
_bPB
_c23.5x15.5cm.
365 _aBLCR-000062
_b₹479.20
_c
_d599.00
_e20%
_f04-10-2021
520 _aTHE NEW PULSE-POUNDING THRILLER IN THE NEW YORK TIMES BESTSELLING MITCH RAPP SERIES When a high-level mole with power to rewrite world order infiltrates the CIA, Rapp must uncover a threat like no other. After a blackout swept the nation, America is resuming life as normal with a new president, one unlike any Mitch Rapp has worked with in the past. As Rapp backs away, the new president, in turn, questions his loyalty. Rapp decides to take a much-needed break. But when it's discovered that a mole in the CIA has been digging into their systems for information on Nicholas Ward, the world's first trillionaire and the man personally overseeing cutting-edge medical research in Uganda, he is pulled back onto the job. Protecting Ward, Rapp is completely cut off from the agency as he works to identify and expose the mole. But the situation is complex. And the threat is one he could never have imagined... 'Packed with enough suspense to match all the hard-hitting action, Enemy at the Gates ups the ante moving forward, and if you think you've already seen Kyle Mills at his best . . . think again. This one is not to be missed' The Real Book Spy
650 _aFiction
_99371
700 _aFLYNN (Vince)
_99372
942 _2ddc
_cBK
999 _c220298
_d220298